01847nam a2200481 i 450000100060000000300080000600500170001400600190003100700150005000800410006502000180010602000270012403500230015103500240017403500250019803500210022304000310024405000220027508000080029708200140030510000260031924501720034525000230051726400470054030000410058733600310062833700330065933800430069249000350073550000230077050400290079358801250082259001590094765000260110665000220113265000160115465000340117065500270120479700190123183000360125085600620128699900170134835691FlNmELB20241216221346.0m o d | cr cnu||||||||170406s2015 ag ob 001 0 spa d z9789506418748 a9789506418885 (e-book) a(MiAaPQ)EBC4776424 a(Au-PeEL)EBL4776424 a(CaPaEBR)ebr11323052 a(OCoLC)991938047 aFINmELBbspaerdacFINmELB 4aHF5549bA434 2015 a6580 a658.32231 aAlles, Martha Alicia.10aDiccionario de comportamientos.nTomo 2,p1500 comportamientos relacionados con las competencias más utilizadas en gestión por competencias /cMartha Alicia Alles. aSegunda edición. 1aBuenos Aires :bEdiciones Granica,c[2015] a1 recurso en línea (336 páginas) atextobtxt2rdacontent/spa acomputadorabc2rdamedia/spa arecurso en líneabcr2rdacarrier/spa1 aColección la trilogía ;v2 aContiene índice. aContiene bibliografía. aDescripción basada en recurso en línea; Título de la página del título en PDF (e-libro, visto April 06, 2017). aRecurso electronico. Santa Fe, Arg. : e-libro, 2016. Disponible via World Wide Web. El acceso puede ser limitado para las bibliotecas afiliadas a e-libro. 0aPersonnel management. 4aRecursos humanos. 0aManagement. 4aAdministración de empresas. 4aLibros electrónicos.2 ae-libro, Corp. 0aColección la trilogía ;v2.40uhttps://elibro.net/ereader/politecnicointernacional/66789 c35691d35691